00880nam a2200217Ia 4500003000900000008004100009020001800050040001600068080002400084111007100108245018100179260003700360300001500397490009000412650002000502650004100522650001700563650002300580700002500603710003400628IN-BaIIA211028s9999 xx 000 0 eng d a0-7923-0907-3 cIIA Library a524.382(082.2)bACT aNATO advanced study institute ConferencecTurkeyd1989 Sept. 11-22 0aActive close binariesbproceedings of the NATO advanced study institute held in Kusadasi, Turkey, 11-22 Sept 1989cedited by Cafer Ibanoglu  aDordrechtbKluwer Academicc1990 axvi, 913p. aNATO advanced institute series. Series C : mathematical and physical sciences; v. 319 aAccretion disks aAstronomy and astrophysics thesaurus aBinary stars aClose binary stars aIbanoglu, Cafer, ed. aNATO advanced study institute